| 000 -LEADER |
| fixed length control field |
00896cam a2200265 a 4500 |
| 001 - CONTROL NUMBER |
| control field |
16213714 |
| 005 - DATE AND TIME OF LATEST TRANSACTION |
| control field |
20180124034143.0 |
| 008 - FIXED-LENGTH DATA ELEMENTS--GENERAL INFORMATION |
| fixed length control field |
100503s2011 caua b 001 0 eng |
| 010 ## - LIBRARY OF CONGRESS CONTROL NUMBER |
| LC control number |
2010018631 |
| 020 ## - INTERNATIONAL STANDARD BOOK NUMBER |
| International Standard Book Number |
9781412988797 (pbk.) |
| 020 ## - INTERNATIONAL STANDARD BOOK NUMBER |
| International Standard Book Number |
1412988799 (pbk.) |
| 035 ## - SYSTEM CONTROL NUMBER |
| System control number |
(OCoLC)ocn607976623 |
| 040 ## - CATALOGING SOURCE |
| Original cataloging agency |
DLC |
| Transcribing agency |
DLC |
| Modifying agency |
BTCTA |
| -- |
YDXCP |
| -- |
C#P |
| -- |
BWX |
| -- |
CDX |
| -- |
DLC |
| 041 ## - LANGUAGE CODE |
| Language code of text/sound track or separate title |
eng |
| 080 ## - UNIVERSAL DECIMAL CLASSIFICATION NUMBER |
| Universal Decimal Classification number |
302 HUT |
| 082 00 - DEWEY DECIMAL CLASSIFICATION NUMBER |
| Classification number |
302 HUT |
| Edition number |
22 |
| 100 ## - Rafti |
| Rafti |
52 |
| 101 ## - Shkurtesa |
| Shkurtesa |
BNJ |
| 245 00 - TITLE STATEMENT |
| Title |
Dimensions of human behavior. |
| Name of part/section of a work |
Person and environment / |
| Statement of responsibility, etc |
[authored by] Elizabeth D. Hutchison and contributing authors. |
| 246 30 - VARYING FORM OF TITLE |
| Title proper/short title |
Person and environment |
| 504 ## - BIBLIOGRAPHY, ETC. NOTE |
| Bibliography, etc |
Includes bibliographical references and index. |
| 906 ## - LOCAL DATA ELEMENT F, LDF (RLIN) |
| a |
7 |
| b |
cbc |
| c |
orignew |
| d |
1 |
| e |
ecip |
| f |
20 |
| g |
y-gencatlg |
| 942 ## - ADDED ENTRY ELEMENTS (KOHA) |
| Source of classification or shelving scheme |
|
| Item type |
Books |